| 000 | 00596nam a2200193Ia 4500 | ||
|---|---|---|---|
| 003 | LK-CoDNM | ||
| 005 | 20241217122348.0 | ||
| 008 | 121126t1963 xxu||||| |||| 00| 0 sin d | ||
| 040 |
_aLK-CoDNM _dLK-CoDNM _eLK-CoDNM |
||
| 041 | _asin | ||
| 080 |
_a8S-1 ,18 _bJIN |
||
| 100 | _aJinananda Himi Keraminiye | ||
| 245 | _aප්රාතිහාර්ය ශතක වයඛ්යානය | ||
| 246 | _aPrathiharya Shathaka Vayakhyanaya | ||
| 260 |
_bM.D.Gunasena Samagama _aColombo 11 _c1963 |
||
| 300 | _b108p. ; 21 cm | ||
| 650 | _aපුරාතණ පද්ය | ||
| 942 | _cBK | ||
| 999 |
_c75886 _d75886 |
||